000 00221nam a22000977a 4500
999 _c533514
_d533514
040 _ckl
082 _a624.1710152
_bBHA
100 _aM.Ashghar Bhatti
_927449
245 _aAdvance topic in finite element
942 _2ddc
_cBK